00000000nam 2200000za 4500
0019.687657
003CaOODSP
00520210624231056
007cr |||||||||||
008150407s2005    onc|||||o    f|0| 0 eng d
040 |aCaOODSP|beng
043 |an-cn---
0861 |aCH1-3/2005E-PDF
1101 |aCanada. |bCanadian Heritage.
24510|aGuide to Canadian Heritage financial support programs |h[electronic resource] : |bcreating Canada together.
260 |aOttawa : |bCanadian Heritage, |c2005.
300 |a100 p.
500 |aThe catalogue number (CH1-3/2005) and ISBN (0-662-68844-9) for the print edition have been incorrectly copied in the PDF edition.
5203 |aThis is a guide to grants, bursaries, tax credits, and other financial support offered by the Department of Canadian Heritage under the following categories: Aboriginal, arts and culture, Canada’s heritage, digital future, multiculturalism, official languages, sport, and youth. A brief description of each program is followed by information about who can apply, when, and where. Because the programs change from time to time, readers are encouraged to visit the Department’s Web site (www.canadianheritage.gc.ca) for the most up-to-date information.
590 |a05-29|b2005-07-22
69007|aHeritage|2gcpds
77508|tGuide des programmes d'appui financier de Patrimoine canadien |w(CaOODSP)9.632096
7760#|tGuide to Canadian Heritage financial support programs : |w(CaOODSP)9.666273
7760#|tGuide des programmes d'appui financier de Patrimoine canadien : |w(CaOODSP)9.666274
794 |tGuide to Canadian Heritage financial support programs |w(CaOODSP)9.688211
85640|ahttp://publications.gc.ca|qPDF|s436 KB|uhttps://publications.gc.ca/collections/Collection/CH1-3-2005E.pdf